Hetvenöt éve született Kalmár László

Elmentve itt :
Bibliográfiai részletek
Szerző: Leindler László
Dokumentumtípus: Cikk
Megjelent: 1980-03-23
Sorozat:Délmagyarország 70 No. 70
Kulcsszavak:Kalmár László
Online Access:http://dmarchiv.bibl.u-szeged.hu/95347
LEADER 00469nab a2200157 i 4500
001 delm95347
005 20190607100019.0
008 190607s1980 hu o 0|| hun d
040 |a SZTE Délmagyarország Archívum  |b hun 
041 |a hun 
100 1 |a Leindler László 
245 1 0 |a Hetvenöt éve született Kalmár László  |h [elektronikus dokumentum] /  |c  Leindler László 
260 |c 1980-03-23 
300 |a 4 
490 0 |a Délmagyarország  |v 70 No. 70 
695 |a Kalmár László